| 000 | 00645nam a2200181 i 4500 | ||
|---|---|---|---|
| 001 | 70384 | ||
| 003 | ES-MaACL | ||
| 005 | 20231228063203.0 | ||
| 007 | t| | ||
| 008 | 040722s1955 sp ||||1| spa d | ||
| 100 | 1 |
_aGarcía Sanchiz, Federico, _d1886-1964 _955269 |
|
| 245 | 1 | 0 |
_aQuinto centenario de la canonización del apostol valenciano San Vicente Ferrer / _cdisertación pronunciada por Federico García Sanchiz. |
| 260 |
_aMadrid : _bInstituto de España, _c1955 ( _fImp. Góngora) |
||
| 300 |
_a40 p. ; _c24 cm. |
||
| 710 | 2 |
_aInstituto de España. _94873 |
|
| 852 |
_aES-MaACL _j2069-F-21 _bR.91942 |
||
| 999 |
_c70384 _d70384 |
||